000 00572nam a2200193Ia 4500
005 20250508151059.0
008 008 250505s9999 xx 000 0 eng d
037 _aTextual
040 _aFEDL
_beng
_cFEDL
041 _aeng
_2eng
084 _a155.4, KEP
_qFEDL
100 _aKepler Hazel
_9758367
245 0 _aChild and his play : A planning guide for parents and teachers
260 _aNew York, USA
_bFunk and Wagnalls Company
_c1952
300 _ax,309p.
650 _aChild Psychology
942 _cTEXL
_h155.4, KEP
999 _c1327469
_d1327469